logo

Bir Sreshtho Munshi Abdur Rouf Library
Jhenaidah Cadet College

কমপিউটার হার্ডওয়্যার মেইনট্যানেন্স এন্ড ট্রাবলশুটিং / (Record no. 711)

MARC details
000 -LEADER
fixed length control field 00875nam a2200229 a 4500
001 - CONTROL NUMBER
JCCL Control Number 711
003 - CONTROL NUMBER IDENTIFIER
JCCL marc code BD-JhCC
005 - DATE AND TIME OF LATEST TRANSACTION
control field 20171009090718.0
008 - FIXED-LENGTH DATA ELEMENTS--GENERAL INFORMATION
fixed length control field 171009s1999 bg a|||| ||a| 001 0 eng d
035 ## - SYSTEM CONTROL NUMBER
system control number (BD-JhCC)711
040 ## - CATALOGING SOURCE
Original cataloging agency BD-JhCC
Modifying agency BD-JhCC
041 ## - LANGUAGE CODE
Language code of Book ben and eng
082 ## - DEWEY DECIMAL CLASSIFICATION NUMBER
DDC Edition number 22
Classification number 004.0711
Author mark and Year RAH 1999
100 ## - MAIN ENTRY--PERSONAL NAME
Personal name রহমান খান, মোঃ আজিজুর
245 ## - TITLE STATEMENT
Title কমপিউটার হার্ডওয়্যার মেইনট্যানেন্স এন্ড ট্রাবলশুটিং /
Statement of responsibility, etc মোঃ আজিজুর রহমান খান, তারিকুল ইসলাম চৌধুরী
260 ## - PUBLICATION, DISTRIBUTION, ETC. (IMPRINT)
Place of publication, distribution, etc ঢাকা :
Name of publisher, distributor, etc জ্ঞানকোষ প্রকাশনী,
Date of publication, distribution, etc 1999.
300 ## - PHYSICAL DESCRIPTION
Pagination 603 p. :
Dimensions 21 cm.
650 ## - SUBJECT ADDED ENTRY--TOPICAL TERM
Topical term or geographic name as entry element Computer
651 ## - SUBJECT ADDED ENTRY--GEOGRAPHIC NAME
Geographic name Bangaladesh
942 ## - ADDED ENTRY ELEMENTS (KOHA)
Source of classification or shelving scheme Dewey Decimal Classification
Koha item type Books
Holdings
Source of classification or shelving scheme Damaged status Not for loan Home library Current library Shelving location Date of accession Cost, normal purchase price Total Checkouts Full call number Barcode Date last seen Copy number Koha item type
Dewey Decimal Classification     JCC Rouf Library JCC Rouf Library General Stacks 10/09/2017 180.00   004.0711 RAH 1999 367 05/06/2019 C-1 Books

JCC Library | Contacts | JCC Home

Last Update on 23 September 2017
Copyright @ 2017-2020 JCC Rouf Library
Rouf Library, Jhenidah Cadet College (JCC), Bangladesh